| 000 | 00618nam a2200193Ia 4500 | ||
|---|---|---|---|
| 005 | 20260601193247.0 | ||
| 008 | 260601s9999||||xx |||||||||||||| ||und|| | ||
| 020 |
_a978-3-031-55608-1 _qebk |
||
| 100 | _aNikolai Kosmatov | ||
| 245 | 0 | _aGuide to Software Verification with Frama-C | |
| 250 | _a2024 | ||
| 260 |
_aHeidelberg, Germany _bSpringer Nature _c2024 |
||
| 440 | _aComputer Science Foundations and Applied Logic | ||
| 650 | _aComputer Science | ||
| 700 | _aJulien Signoles | ||
| 700 | _aVirgile Prevosto | ||
| 856 | _uhttps://link.springer.com/openurl?genre=book&isbn=978-3-031-55608-1 | ||
| 942 |
_cEB _2ddc |
||
| 999 |
_c56618 _d56618 |
||